Statistics for NFL Starting Running Backs 2016

Click here to take the quiz!

General Stats

  • This quiz has been taken 2,169 times
  • The average score is 18 of 32

Answer Stats

TeamAnswer% Correct
BUFMccoy
87%
DALElliot
85%
PITBell
83%
OAKMurray
73%
TENMurray
73%
MINPeterson
73%
INDGore
72%
AZJohnson
72%
NEBlount
71%
LAGurley
68%
KCCharles
67%
ATLFreeman
67%
NYJForte
66%
NOIngram
64%
GBLacy
63%
SDGordon
60%
TBMartin
58%
CARStewart
58%
HOUMiller
57%
CINHill
56%
DENAnderson
53%
CLECrowell
46%
MIAFoster
44%
SFHyde
44%
WASJones
42%
SEARawls
41%
JACYeldon
37%
BALForsett
35%
NYGJennings
34%
PHIMatthews
33%
DETAbdullah
28%
CHILangford
23%

Score Distribution

Percentile by Number Answered

Percent of People with Each Score

Your Score History

You have not taken this quiz